000 00437nab a22001577a 4500
001 T027600010269-02
008 190830b xxu||||| |||| 00| 0 esp |
040 _aFEVP
_cFEVP
100 _aVargas E, Jorge Enrique.
245 _aDinámica demográfica de la población rural colombiana: 1951-1985.
300 _app. -26-46
650 _aHábitos Alimenticios
650 _aCocina--Historia
650 _aAlimentos--Historia
942 _cANL
999 _c12988
_d12988